Climatic Response of Cedrela fissilis Radial Growth in the Ombrophilous Mixed Forest, Paraná, Brazil (Registro n. 341257)
[ somente texto ]
| 000 -LÍDER | |
|---|---|
| fixed length control field | 02315nab a2200325 i 4500 |
| 003 - CÓDIGO MARC DA AGÊNCIA CATALOGADORA | |
| Campo de controle | BR-BrBNA |
| 005 - DATA E HORA DA ÚLTIMA ATUALIZAÇÃO | |
| Campo de controle | 20260407052039.0 |
| 008 - CAMPO DE TAMANHO FIXO | |
| fixed length control field | 260407b2019 bl.qr|pooa||| 00| 0 eng | |
| 040 ## - FONTE DA CATALOGAÇÃO | |
| Agência catalogadora | BR-BrBNA |
| Idioma da catalogação | eng |
| 072 ## - CATEGORIA AGRIS | |
| Código AGRIS | K10 |
| Código do objeto | 3105 |
| 072 ## - CATEGORIA AGRIS | |
| Código AGRIS | P40 |
| 100 ## - ENTRADA PRINCIPAL - NOME PESSOAL | |
| Nome pessoal | Marcon, Amanda Koche |
| 100 ## - ENTRADA PRINCIPAL - NOME PESSOAL | |
| Nome pessoal | Longhi-Santos, Tomaz |
| 100 ## - ENTRADA PRINCIPAL - NOME PESSOAL | |
| Nome pessoal | Galvão, Franklin |
| 100 ## - ENTRADA PRINCIPAL - NOME PESSOAL | |
| Nome pessoal | Martins, Kelly Geronazzo |
| 100 ## - ENTRADA PRINCIPAL - NOME PESSOAL | |
| Nome pessoal | Botosso, Paulo Cesar |
| 100 ## - ENTRADA PRINCIPAL - NOME PESSOAL | |
| Nome pessoal | Blum, Christopher Thomas |
| 245 ## - TÍTULO PRINCIPAL | |
| Título principal | Climatic Response of Cedrela fissilis Radial Growth in the Ombrophilous Mixed Forest, Paraná, Brazil |
| 500 ## - NOTA GERAL | |
| Nota geral | Publicação on-line; Bibliography p. 9-12 (79 ref.); 3 tables; 5 illus.; Summary (En) |
| 942 ## - ADDED ENTRY ELEMENTS (KOHA) | |
| Koha item type | Analítica |
| 520 ## - NOTA DE RESUMO | |
| Nota de conteúdo | <br/><br/>ABSTRACT<br/><br/>We examined the climatic response of Cedrela fissilis radial growth based on precipitation, air<br/>relative humidity, temperature and monthly thermal amplitude. It was intended to assess how the<br/>secondary growth of C. fissilis is influenced by the climatic variables and which one are the best<br/>growth predictors in Ombrophilous Mixed Forest, southern Brazil. Wood cores were processed<br/>using classical dendrochronology methodology. Principal Components Analysis, Generalized<br/>Linear Models and correlation were used to explore the relationship between radial growth and<br/>climate. Our results indicated that the best radial growth predictor is the temperature: the seasonal<br/>behavior, under well-watered conditions, seems to have a dominant effect on growth responses.<br/>Changes in tree growth corresponding to an increase in temperatures suggest a sensitivity of<br/>the species to climate changes. These results are important to help understand how the global<br/>warming may influence long-lived pioneer tree growth.<br/><br/>Keywords: dendrochronology; climate changes; dendroecology; Araucaria forest. |
| 650 ## - ASSUNTO - THESAGRO | |
| Cabeçalho tópico ou nome geográfico | CEDRELA FISSILIS |
| 650 ## - ASSUNTO - THESAGRO | |
| Cabeçalho tópico ou nome geográfico | DENDROMETRIA |
| 650 ## - ASSUNTO - THESAGRO | |
| Cabeçalho tópico ou nome geográfico | FLORESTA |
| 650 ## - ASSUNTO - THESAGRO | |
| Cabeçalho tópico ou nome geográfico | ARAUCÁRIA |
| 650 ## - ASSUNTO - THESAGRO | |
| Cabeçalho tópico ou nome geográfico | MUDANÇA CLIMÁTICA |
| 773 0# - ENTRADA ANALÍTICA | |
| Host Biblionumber | 2929 |
| Registro do item | 347952 |
| Imprenta | Rio de Janeiro-RJ Instituto de Florestas - UFRRJ 1994 |
| Outro identificador | 2025-0451 |
| Título | Floresta e Ambiente (Brazil) |
| ISSN | 1415-0980 / ISSN 2179-8087 0nline |
| Colação | v. 26(3) p. 1-12; (2019) |
| Número de controle de registro | BR2026000294 |
| 856 ## - ACESSO E ENDEREÇO ELETRÔNICO | |
| Identificador uniforme de recurso - URI | https://www.scielo.br/j/floram/a/CB6P7sHqRKwTcB5WpRynrmd/?format=pdf&lang=en |
Nenhum exemplar disponível.

BINAGRI